000
00479nam a2200145Ia 4500
008
090122s9999 xx 000 0 und d
082
_b
5824
_a
808.899282
100
_a
मयुरे
_b
सुरेश
245
_a
चीन मधे लागलेले शोध
600
_a
मयुरे
630
_a
चीन मधे लागलेले शोध
700
_a
मयुरे
730
_a
चीन मधे लागलेले शोध
942
_c
BOOK
999
_c
29902
_d
29902